| 000 | 01071nam a22002297a 4500 | ||
|---|---|---|---|
| 003 | BD-DhUL | ||
| 005 | 20181101160300.0 | ||
| 008 | 181101s20082017ii |||| |||| 001 0 ben | ||
| 020 | _a9788177566789 | ||
| 040 |
_aBD-DhUL _cBD-DhUL |
||
| 082 |
_223 _a294.5 _bSEH |
||
| 100 | 1 | _aসেন, ক্ষিতিমোহন। | |
| 245 | 1 | 0 |
_aহিন্দুধর্ম / _cক্ষিতিমোহন সেন ; অনুবাদক, সোমেন্দ্রনাথ বন্দ্যোপাধ্যায়। |
| 250 | _a১ম আনন্দ সং.। | ||
| 260 |
_aকলকাতা : _bআনন্দ, _c২০০৮ (২০১৭)। |
||
| 300 |
_a[২৭], ১৬২ পৃ. ; _c২৫ সেমি. |
||
| 504 | _aগ্রন্থপঞ্জিগত তথ্য ও নির্ঘণ্ট সংবলিত। | ||
| 650 | 0 | _aহিন্দুধর্ম। | |
| 650 | 0 | _aHinduism. | |
| 700 | 1 |
_aবন্দ্যোপাধ্যায়, সোমেন্দ্রনাথ। _eঅনুবাদক |
|
| 942 |
_2ddc _cBK |
||
| 999 |
_c244339 _d244339 |
||